[Event "RUS-ch Men Blitz 2019"]
[Site "Sochi"]
[Date "2019.10.17"]
[Round "4.29"]
[White "Potapov, Pavel"]
[Black "Yeritsyan, Aram"]
[Result "1/2-1/2"]
[WhiteElo "2489"]
[BlackElo "2271"]
[Annotator "TA"]
[PlyCount "93"]
[EventDate "2019.10.17"]
[EventType "swiss"]
[EventCountry "RUS"]
[SourceTitle "playchess.com"]
[Source "ChessBase"]
[SourceQuality "1"]

{[%evp 17,93,17,18,-26,0,0,13,-1,-5,-14,-13,-14,0,0,0,-15,12,0,13,-13,-13,-20,-6,-22,17,23,13,-27,-17,-28,-23,-26,-18,-101,-97,-168,-21,-25,0,0,0,-37,8,-21,-17,-60,-8,-30,-27,-62,-18,-25,-8,-8,-9,-18,-18,-8,-8,-18,-18,-37,-15,-27,-15,-24,-8,-8,-8,-8,-8,-8,-8,-10,0,-8,0,-12]} 1. f4 Nf6 2. Nf3 c5 3. g3 g6 4. Bg2 Bg7 5. d3 d6 6. O-O O-O 7. e4 Nc6 8. c3 Rb8 9. a4 a6 10. h3 {B20: Sicilian: Unusual White 2nd moves} b5 (10... c4 $5) 11. axb5 axb5 12. g4 Qc7 $146 ({Predecessor:} 12... Nd7 13. Be3 b4 14. d4 cxd4 15. cxd4 Qb6 16. Bf2 Qd8 17. Nbd2 e5 {1-0 (38) Zatonskih,A (2489)-Hou,Y (2606) Beijing 2012}) 13. Qc2 Bb7 14. Be3 Nd7 15. Nbd2 b4 16. Nc4 Nb6 17. Nxb6 Qxb6 18. Kh1 Ra8 19. Nd2 Rxa1 20. Rxa1 Ra8 21. Rxa8+ Bxa8 22. Nc4 Qa6 23. Bd2 Qa2 24. Qc1 Bb7 25. e5 (25. Be1 $11 {keeps the balance.}) 25... dxe5 $17 26. fxe5 (26. cxb4 $17 cxb4 27. f5 (27. fxe5 Qa8 $17)) 26... bxc3 (26... Nxe5 $19 27. Nxe5 (27. Bxb7 $2 Nxd3 28. Qf1 Qxc4 $19) 27... Bxg2+ 28. Kxg2 Bxe5) 27. Bxc3 $11 Nd8 28. Bxb7 Nxb7 29. Qe3 Qa6 30. Qe4 Nd8 31. Kh2 h6 ({Black should try} 31... Bh6 $15) 32. Qd5 Ne6 33. Qe4 Qb5 34. Qa8+ Kh7 35. Qf3 Ng5 36. Qg2 Qd7 37. Qe2 Qd5 38. Nd2 Ne6 39. Qe4 Qd7 40. Qf3 Ng5 41. Qe2 Qd5 42. h4 {The position is equal.} Ne6 43. Qe4 Qd7 44. Nc4 Kg8 45. Qa8+ Kh7 46. Qe4 Kg8 47. Qa8+ {Accuracy: White = 35%, Black = 40%.} 1/2-1/2

[Event "RUS-ch Men Blitz 2019"]
[Site "Sochi"]
[Date "2019.10.17"]
[Round "4.30"]
[White "Radchenko, Vladislav Y."]
[Black "Klimentov, Evgeny"]
[Result "0-1"]
[WhiteElo "2408"]
[BlackElo "2199"]
[Annotator "TA"]
[PlyCount "59"]
[EventDate "2019.10.17"]
[EventType "swiss"]
[EventCountry "RUS"]
[SourceTitle "playchess.com"]
[Source "ChessBase"]
[SourceQuality "1"]

{[%evp 13,59,-37,-20,-15,129,124,124,120,230,204,420,167,167,126,502,325,266,113,95,89,116,114,214,215,164,137,1410,1366,29995,29995,29996,29995,29995,29994,29994,29995,29995,29996,29996,211,29989,29990,29990,29991,29997,-174,-178,-205]} 1. e4 c6 2. d4 d5 3. e5 Bf5 4. Nc3 e6 5. g4 Bg6 6. Nge2 c5 7. Be3 cxd4 8. Nxd4 {B12: Caro-Kann: Advance Variation} h5 (8... Nc6 $11 {remains equal.}) (8... Bb4 9. h4 h5 10. Be2 Nc6 11. gxh5 Be4 12. Rg1 Kf8 13. Qd2 Rc8 14. a3 Bxc3 15. Qxc3 Nxd4 16. Qxd4 Rxc2 17. Qxa7 Rxb2 {1-0 (77) Sutovsky,E (2629)-Bologan,V (2658) Poikovsky 2007}) 9. Bb5+ $16 Nd7 10. f4 $1 {[%cal Rf4f5] aiming for f5.White is better.} Ne7 $146 (10... a6 $16) ({Predecessor:} 10... Qh4+ 11. Bf2 Qxg4 12. Qd2 Bb4 13. Rg1 Qh3 14. Bf1 Qxh2 15. Nf3 Qxg1 16. Bxg1 {0-1 (70) Warszawski,B (2292)-Malisauskas,V (2483) Ustron 2009}) 11. f5 $1 $18 {[%cal Rf5e6]} exf5 $2 (11... a6) 12. Bg5 $2 (12. e6 fxe6 13. Nxe6) 12... a6 13. gxf5 Bh7 $2 {[%mdl 8192]} (13... axb5 $16 14. Ndxb5 (14. fxg6 Nxe5 15. gxf7+ Nxf7 $16) 14... Nxe5 15. Nxd5 {[%mdl 64] Pin} f6 16. Nxf6+ gxf6 17. Nd6+ Qxd6 $1 {[%mdl 512]} 18. Qxd6 Bxf5 19. Qxf6 Nf3+ 20. Kf2 Rg8) 14. Ba4 b5 15. Ncxb5 (15. Qxh5 $18 {Strongly threatening e6!} bxa4 16. e6 $1 {[%mdl 512]}) 15... axb5 $16 16. Bxb5 {Hoping for e6.} Qa5+ 17. c3 Nxf5 (17... O-O-O $16) 18. e6 $1 $18 {[%cal Re6d7]} fxe6 19. Nxe6 $40 {[%mdl 128] White wants a kill.} Kf7 $2 {[%mdl 8192]} (19... Rb8 $16) 20. Qxd5 {White wants to mate with Nf4+.} Nb6 {[#]} 21. Nd8+ $1 {[%mdl 576] Discovered Attack (Double check)} Kg6 22. Be8+ Kxg5 23. Rg1+ Kf4 24. Ne6+ Ke3 25. Qd2+ Ke4 26. Ng5+ Ke5 {[#] And now ...Bc5 would win.} 27. O-O-O $1 Rxe8 28. Rde1+ Kf6 {[#]} 29. Nxh7+ $4 {[%mdl 8192]} (29. Qd8+ $1 {[%mdl 512] mates} Kg6 (29... Rxd8 30. Re6#) 30. Qxe8+ Kh6 31. Nf7#) 29... Rxh7 $19 30. Rxe8 {Accuracy: White = 37%, Black =  7%.} 0-1

[Event "RUS-ch Men Blitz 2019"]
[Site "Sochi"]
[Date "2019.10.17"]
[Round "4.31"]
[White "Derjabin, Ilja"]
[Black "Frolov, Aleksey G."]
[Result "1-0"]
[WhiteElo "2333"]
[BlackElo "2093"]
[Annotator "RC"]
[PlyCount "81"]
[EventDate "2019.10.17"]
[EventType "swiss"]
[EventCountry "RUS"]
[SourceTitle "playchess.com"]
[Source "ChessBase"]
[SourceQuality "1"]
[TimeControl "180+2"]

1. d4 Nf6 2. c4 g6 3. Nc3 d5 4. Bg5 Ne4 5. Bh4 Nxc3 6. bxc3 dxc4 7. Nf3 Bg7 8. e3 b5 9. a4 c6 10. Be2 Bb7 11. Qb1 a6 12. Bxc4 Qa5 13. O-O Qc7 14. Bg3 Qc8 15. Bb3 O-O 16. c4 Nd7 17. axb5 axb5 18. Rxa8 Qxa8 19. c5 Qa3 20. Qc2 Nf6 21. Ne5 e6 22. h3 Ra8 23. Rb1 Nd5 24. Bxd5 exd5 25. Qd1 Qa2 26. Rc1 Qb2 27. Rb1 Qa2 28. Rc1 Qb2 29. Kh2 Ra6 30. Rb1 Qa2 31. Nd3 Ra8 32. Be5 Bc8 33. Bxg7 Kxg7 34. Rb2 Qa3 35. Rd2 Bf5 36. Ne5 Rc8 37. Qf3 f6 38. Ng4 Qc1 39. Ra2 Rc7 40. Qf4 Rf7 41. Qh6+ 1-0

[Event "RUS-ch Men Blitz 2019"]
[Site "Sochi"]
[Date "2019.10.17"]
[Round "5.1"]
[White "Antipov, Mikhail Al."]
[Black "Ponkratov, Pavel"]
[Result "0-1"]
[WhiteElo "2567"]
[BlackElo "2621"]
[Annotator "TA"]
[PlyCount "34"]
[EventDate "2019.10.17"]
[EventType "swiss"]
[EventCountry "RUS"]
[SourceTitle "playchess.com"]
[Source "ChessBase"]
[SourceQuality "1"]

{[%evp 14,34,53,56,52,0,0,-3,27,0,0,-18,-7,-22,-12,-295,-306,-302,-304,-297,-304,-310,-297]} 1. e4 e5 2. Nf3 Nf6 3. Nxe5 Nxe4 4. Qe2 Qe7 5. Qxe4 d6 6. d4 dxe5 7. dxe5 Nc6 8. Bb5 Bd7 {C42: Petroff Defence: 3 Nxe5 and unusual White 3rd moves} 9. O-O ({White should try} 9. Nc3 $14) 9... O-O-O $11 10. Nc3 a6 {The position is equal.} 11. Ba4 Nxe5 12. Bf4 $146 ({Predecessor:} 12. Bxd7+ Rxd7 13. Be3 Nc6 14. Qf3 {½-½ (14) Zaitsev,A (2392)-Novikov,M (2515) Suvorov 2012}) 12... Ng6 {[#] White must now prevent ...Qxe4.} 13. Bxd7+ Rxd7 14. Bg3 $2 {[%mdl 8192]} (14. Be3 $11 {and White stays safe.}) 14... Qxe4 $19 {Black has a decisive advantage.} 15. Nxe4 f5 16. Ng5 f4 17. Rfe1 {[#] Re8+ is the strong threat.} Bd6 ({Not} 17... fxg3 18. Re8+ Rd8 19. Rxd8+ Kxd8 20. Nf7+ Kd7 21. Nxh8 $17) 0-1

[Event "RUS-ch Men Blitz 2019"]
[Site "Sochi"]
[Date "2019.10.17"]
[Round "5.2"]
[White "Triapishko, Alexandr"]
[Black "Grachev, Boris"]
[Result "1/2-1/2"]
[WhiteElo "2514"]
[BlackElo "2621"]
[Annotator "TA"]
[PlyCount "83"]
[EventDate "2019.10.17"]
[EventType "swiss"]
[EventCountry "RUS"]
[SourceTitle "playchess.com"]
[Source "ChessBase"]
[SourceQuality "1"]

{[%evp 9,83,28,35,12,31,40,40,31,40,1,-4,-16,-20,-30,-20,-18,-35,-25,-35,-94,0,0,12,12,44,39,37,25,53,43,39,41,73,65,84,47,56,8,8,0,0,-21,0,0,0,0,0,-22,-9,-8,0,0,0,0,0,0,-8,-8,-8,-16,0,-43,-55,-51,0,0,0,0,0,0,0,0,0,0,0,0]} 1. e4 c5 2. Nf3 e6 3. d4 cxd4 4. Nxd4 Nc6 5. Nc3 a6 6. Qd3 {B46: Sicilian: Taimanov: 5 Nc3 a6} (6. Be3 Nf6 7. Qf3 Bb4 8. Nxc6 bxc6 9. Bd3 e5 10. Qg3 d6 11. O-O Nh5 12. Qf3 Nf6 13. Qg3 Nh5 14. Qf3 Nf6 {1-0 (38) Dominguez Perez,L (2760)-Nisipeanu,L (2672) Dortmund 2019}) 6... Nxd4 7. Qxd4 b5 $146 ({Predecessor:} 7... Ne7 8. Bf4 Nc6 9. Qe3 d6 10. Bc4 Ne5 11. Bb3 Be7 12. Rd1 Qc7 13. Bg5 Qc5 14. Qxc5 dxc5 15. Bxe7 Kxe7 {½-½ (37) Vokhidov,S (2401)-Sorokin,A (2511) Moscow 2018}) 8. Be3 {White is slightly better.} Bb7 9. f3 Nf6 10. a4 b4 11. Na2 d5 {[%cal Rd5e4]} 12. Nxb4 dxe4 {[#] Strongly threatening ...Qxd4.} 13. Qxd8+ Kxd8 14. O-O-O+ (14. Bb6+ $15 Kd7 15. c3) 14... Kc8 (14... Ke8 $17 15. c3 exf3) 15. Rd4 $36 {[%mdl 2048] White fights for an advantage.} exf3 16. gxf3 Nd5 17. Nxd5 Bxd5 18. Be2 Bc5 19. Rd3 $1 {[%cal Rd3c3] [#] aiming for Rc3.} Bxe3+ 20. Rxe3 Rd8 21. Rg1 g6 22. Rg4 a5 23. Bc4 Ra7 24. Bxd5 Rxd5 {[%mdl 4096] Endgame KRR-KRR} 25. Rc3+ Rc7 26. Rxc7+ Kxc7 {KR-KR} 27. Rf4 f5 28. c3 g5 29. Rc4+ Kb7 30. Kc2 h5 31. b4 g4 32. b5 e5 (32... gxf3 $5 33. Rf4 $8 Re5 $15) 33. fxg4 hxg4 34. Rc6 f4 {...e4 is the strong threat.} 35. Rf6 Rd7 36. c4 Rg7 (36... Rc7 $15 37. Kd3 f3) 37. c5 $1 {The position is equal.} g3 38. hxg3 fxg3 {Threatens to win with ...g2.} 39. Rb6+ Kc8 {Hoping for ...g2.} (39... Ka8 $5 40. Ra6+ $8 {[%mdl 64] Double Attack} Kb8 41. Rb6+ Kc8 42. Rc6+ Kd7 43. Rd6+ Ke7 $11) 40. Rc6+ Kb7 41. Rb6+ Kc7 (41... Kc8 $5 42. Rc6+ $8 Kb7 43. Rb6+ $11) 42. Rc6+ {Accuracy: White = 46%, Black = 49%.} 1/2-1/2

[Event "RUS-ch Men Blitz 2019"]
[Site "Sochi"]
[Date "2019.10.20"]
[Round "5.2"]
[White "Zakhartsov, Vladimir"]
[Black "Yuffa, Daniil"]
[Result "0-1"]
[WhiteElo "2514"]
[BlackElo "2577"]
[Annotator "ChessBase"]
[PlyCount "88"]
[EventDate "2019.10.17"]
[EventType "swiss"]
[EventCountry "RUS"]
[SourceTitle "playchess.com"]
[Source "ChessBase"]
[SourceQuality "1"]
[TimeControl "180+2"]

1. d4 {[%emt 0:00:00]} Nf6 {[%emt 0:00:00]} 2. g3 {[%emt 0:00:01]} c5 {[%emt 0:00:03]} 3. d5 {[%emt 0:00:03]} g6 {[%emt 0:00:01]} 4. Bg2 {[%emt 0:00:01]} Bg7 {[%emt 0:00:01]} 5. Nc3 {[%emt 0:00:06]} O-O {[%emt 0:00:02]} 6. e4 {[%emt 0:00:19]} d6 {[%emt 0:00:01]} 7. Nge2 {[%emt 0:00:02]} Na6 {[%emt 0:00:02]} 8. O-O {[%emt 0:00:02]} Nc7 {[%emt 0:00:01]} 9. a4 {[%emt 0:00:02]} b6 {[%emt 0:00:06]} 10. h3 {[%emt 0:00:09]} a6 {[%emt 0:00:05]} 11. Bf4 {[%emt 0:00:06]} Rb8 {[%emt 0:00:11]} 12. e5 {[%emt 0:00:26]} Nh5 {[%emt 0:00:01]} 13. exd6 {[%emt 0:00:02]} exd6 {[%emt 0:00:14]} 14. Be3 {[%emt 0:00:00]} b5 {[%emt 0:00:05]} 15. axb5 {[%emt 0:00:04]} axb5 {[%emt 0:00:01]} 16. Nf4 {[%emt 0:00:30]} Nf6 {[%emt 0:00:12]} 17. Qc1 {[%emt 0:00:09]} b4 {[%emt 0:00:03]} 18. Nce2 {[%emt 0:00:15]} Re8 {[%emt 0:00:05]} 19. c3 {[%emt 0:00:07]} bxc3 {[%emt 0:00:22]} 20. Nxc3 {[%emt 0:00:01]} Ba6 {[%emt 0:00:12]} 21. Rd1 {[%emt 0:00:03]} Bc4 {[%emt 0:00:04]} 22. Qd2 {[%emt 0:00:28]} Bb3 {[%emt 0:00:07]} 23. Re1 {[%emt 0:00:02]} Nb5 {[%emt 0:00:25]} 24. Nxb5 {[%emt 0:00:13]} Rxb5 {[%emt 0:00:01]} 25. Ne2 {[%emt 0:00:04]} Ne4 {[%emt 0:00:13]} 26. Bxe4 {[%emt 0:00:05]} Rxe4 {[%emt 0:00:02]} 27. Nc3 {[%emt 0:00:01]} Bxc3 {[%emt 0:00:08]} 28. Qxc3 {[%emt 0:00:01]} Bxd5 {[%emt 0:00:29]} 29. Bh6 {[%emt 0:00:06]} Rd4 {[%emt 0:00:01]} 30. Ra6 {[%emt 0:00:16]} Rb8 {[%emt 0:00:14]} 31. Ra7 {[%emt 0:00:13]} Qf6 {[%emt 0:00:11]} 32. h4 {[%emt 0:00:03]} Qf5 {[%emt 0:00:05]} 33. Qe3 {[%emt 0:00:02]} Re4 {[%emt 0:00:03]} 34. Qc3 {[%emt 0:00:01]} Rxe1+ {[%emt 0:00:04]} 35. Qxe1 {[%emt 0:00:01]} Qf3 {[%emt 0:00:02]} 36. Kf1 {[%emt 0:00:04]} Qg2+ {[%emt 0:00:04]} 37. Ke2 {[%emt 0:00:01]} Re8+ {[%emt 0:00:01]} 38. Be3 {[%emt 0:00:01]} Qe4 {[%emt 0:00:04]} 39. Qc3 {[%emt 0:00:03]} Bc4+ {[%emt 0:00:05]} 40. Kd2 {[%emt 0:00:02]} d5 {[%emt 0:00:01]} 41. b3 {[%emt 0:00:03]} d4 {[%emt 0:00:02]} 42. Qxc4 {[%emt 0:00:01]} dxe3+ {[%emt 0:00:01]} 43. fxe3 {[%emt 0:00:01]} Qxe3+ {[%emt 0:00:02]} 44. Kc2 {[%emt 0:00:04]} Qf2+ {[%emt 0:00:01]} 0-1

[Event "RUS-ch Men Blitz 2019"]
[Site "Sochi"]
[Date "2019.10.17"]
[Round "5.3"]
[White "Drygalov, Andrey"]
[Black "Nozdrachev, Vladislav"]
[Result "1-0"]
[WhiteElo "2484"]
[BlackElo "2494"]
[Annotator "ChessBase"]
[PlyCount "109"]
[EventDate "2019.10.17"]
[EventType "swiss"]
[EventCountry "RUS"]
[SourceTitle "playchess.com"]
[Source "ChessBase"]
[SourceQuality "1"]
[TimeControl "180+2"]

1. e4 {[%emt 0:00:00]} e5 {[%emt 0:00:00]} 2. Nf3 {[%emt 0:00:00]} Nc6 3. Bc4 Bc5 {[%emt 0:00:01]} 4. c3 {[%emt 0:00:00]} Nf6 5. d3 d6 {[%emt 0:00:03]} 6. O-O {[%emt 0:00:03]} a6 {[%emt 0:00:00]} 7. a4 {[%emt 0:00:01]} Ba7 {[%emt 0:00:01]} 8. Re1 {[%emt 0:00:01]} O-O {[%emt 0:00:05]} 9. h3 {[%emt 0:00:06]} Ne7 {[%emt 0:00:01]} 10. Nbd2 {[%emt 0:00:11]} Ng6 {[%emt 0:00:05]} 11. Nf1 {[%emt 0:00:01]} Nh5 {[%emt 0:00:10]} 12. d4 {[%emt 0:00:11]} Nhf4 {[%emt 0:00:21]} 13. Ng3 {[%emt 0:00:07]} Qf6 {[%emt 0:00:11]} 14. Nh5 {[%emt 0:00:08]} Qe7 {[%emt 0:00:34]} 15. Nxf4 {[%emt 0:00:01]} Nxf4 {[%emt 0:00:02]} 16. Bxf4 {[%emt 0:00:04]} exf4 {[%emt 0:00:01]} 17. e5 {[%emt 0:00:21]} Bf5 {[%emt 0:00:25]} 18. Qd2 {[%emt 0:00:08]} dxe5 {[%emt 0:00:04]} 19. Rxe5 {[%emt 0:00:06]} Qf6 {[%emt 0:00:20]} 20. Qxf4 {[%emt 0:00:04]} Bxh3 {[%emt 0:00:07]} 21. Qxf6 {[%emt 0:00:13]} gxf6 {[%emt 0:00:01]} 22. Re7 {[%emt 0:00:01]} Bg4 {[%emt 0:00:06]} 23. Rxc7 {[%emt 0:00:06]} Rac8 {[%emt 0:00:34]} 24. Rxb7 {[%emt 0:00:36]} Bxd4 {[%emt 0:00:11]} 25. Nxd4 {[%emt 0:00:02]} Rxc4 {[%emt 0:00:01]} 26. Rb6 {[%emt 0:00:02]} a5 {[%emt 0:00:03]} 27. Rxf6 {[%emt 0:00:15]} Rb8 {[%emt 0:00:01]} 28. Rc6 {[%emt 0:00:27]} Rxc6 {[%emt 0:00:04]} 29. Nxc6 {[%emt 0:00:00]} Rxb2 {[%emt 0:00:02]} 30. Nxa5 {[%emt 0:00:01]} Bc8 {[%emt 0:00:08]} 31. Nc6 {[%emt 0:00:12]} Bb7 {[%emt 0:00:00]} 32. Nd4 {[%emt 0:00:02]} Ba6 {[%emt 0:00:01]} 33. a5 {[%emt 0:00:03]} Kg7 {[%emt 0:00:06]} 34. Nc6 {[%emt 0:00:01]} Rb3 {[%emt 0:00:04]} 35. Nb4 {[%emt 0:00:01]} Bb7 {[%emt 0:00:00]} 36. a6 {[%emt 0:00:01]} Ba8 {[%emt 0:00:01]} 37. Rd1 {[%emt 0:00:11]} Rxc3 {[%emt 0:00:01]} 38. Rd8 {[%emt 0:00:01]} Rb3 {[%emt 0:00:06]} 39. Rb8 {[%emt 0:00:13]} Be4 {[%emt 0:00:05]} 40. f3 {[%emt 0:00:05]} Bd5 {[%emt 0:00:07]} 41. a7 {[%emt 0:00:01]} Ra3 {[%emt 0:00:04]} 42. Nxd5 {[%emt 0:00:02]} Rxa7 {[%emt 0:00:01]} 43. Rb6 {[%emt 0:00:01]} Rd7 {[%emt 0:00:01]} 44. Nf4 {[%emt 0:00:02]} Rd4 {[%emt 0:00:01]} 45. Nh5+ {[%emt 0:00:02]} Kf8 {[%emt 0:00:02]} 46. Nf6 {[%emt 0:00:02]} Kg7 {[%emt 0:00:01]} 47. Ne4 {[%emt 0:00:01]} Rd5 {[%emt 0:00:02]} 48. Rb7 {[%emt 0:00:02]} Kg6 {[%emt 0:00:01]} 49. Kf2 {[%emt 0:00:02]} Ra5 {[%emt 0:00:02]} 50. Rb6+ {[%emt 0:00:01]} Kg7 {[%emt 0:00:00]} 51. g4 {[%emt 0:00:01]} h6 {[%emt 0:00:01]} 52. Ng3 {[%emt 0:00:01]} Kh7 {[%emt 0:00:03]} 53. Nf5 {[%emt 0:00:01]} h5 {[%emt 0:00:01]} 54. Rh6+ {[%emt 0:00:01]} Kg8 {[%emt 0:00:01]} 55. Rxh5 {[%emt 0:00:01]} 1-0

[Event "RUS-ch Men Blitz 2019"]
[Site "Sochi"]
[Date "2019.10.17"]
[Round "5.4"]
[White "Vastrukhin, Oleg"]
[Black "Sakaev, Konstantin"]
[Result "0-1"]
[WhiteElo "2428"]
[BlackElo "2595"]
[Annotator "ChessBase"]
[PlyCount "94"]
[EventDate "2019.10.17"]
[EventType "swiss"]
[EventCountry "RUS"]
[SourceTitle "playchess.com"]
[Source "ChessBase"]
[SourceQuality "1"]
[TimeControl "180+2"]

1. g3 {[%emt 0:00:00]} d5 {[%emt 0:00:00]} 2. Nf3 {[%emt 0:00:02]} Nf6 {[%emt 0:00:02]} 3. Bg2 {[%emt 0:00:01]} c5 {[%emt 0:00:02]} 4. O-O {[%emt 0:00:02]} e6 {[%emt 0:00:01]} 5. d4 {[%emt 0:00:15]} cxd4 {[%emt 0:00:01]} 6. Nxd4 {[%emt 0:00:01]} e5 {[%emt 0:00:01]} 7. Nb3 {[%emt 0:00:01]} Be6 {[%emt 0:00:01]} 8. c4 {[%emt 0:00:11]} Nc6 {[%emt 0:00:05]} 9. cxd5 {[%emt 0:00:23]} Nxd5 {[%emt 0:00:15]} 10. Nc3 {[%emt 0:00:09]} Nxc3 {[%emt 0:00:07]} 11. Qxd8+ {[%emt 0:00:05]} Rxd8 {[%emt 0:00:21]} 12. bxc3 {[%emt 0:00:02]} Bd5 {[%emt 0:00:00]} 13. Be3 {[%emt 0:00:15]} Bxg2 {[%emt 0:00:03]} 14. Kxg2 {[%emt 0:00:01]} Ba3 {[%emt 0:00:14]} 15. Rab1 {[%emt 0:00:02]} b6 {[%emt 0:00:24]} 16. Nd2 {[%emt 0:00:05]} Na5 {[%emt 0:00:10]} 17. Rb5 {[%emt 0:00:18]} f6 {[%emt 0:00:02]} 18. Ne4 {[%emt 0:00:28]} Kd7 {[%emt 0:00:09]} 19. g4 {[%emt 0:00:09]} Kc6 {[%emt 0:00:01]} 20. Rfb1 {[%emt 0:00:08]} Rd5 {[%emt 0:00:20]} 21. Rxd5 {[%emt 0:00:23]} Kxd5 {[%emt 0:00:01]} 22. Rd1+ {[%emt 0:00:04]} Kc6 {[%emt 0:00:31]} 23. h4 {[%emt 0:00:01]} Nc4 {[%emt 0:00:02]} 24. h5 {[%emt 0:00:04]} Be7 {[%emt 0:00:07]} 25. Kf3 {[%emt 0:00:09]} a5 {[%emt 0:00:08]} 26. Ng3 {[%emt 0:00:02]} Rc8 {[%emt 0:00:18]} 27. Nf5 Bf8 28. g5 {[%emt 0:00:12]} Nxe3 {[%emt 0:00:03]} 29. Kxe3 {[%emt 0:00:06]} fxg5 30. Ke4 Kb5 {[%emt 0:00:04]} 31. Rd7 {[%emt 0:00:12]} Rxc3 {[%emt 0:00:07]} 32. Nxg7 {[%emt 0:00:03]} Rc2 {[%emt 0:00:06]} 33. Ne6 {[%emt 0:00:02]} Bc5 {[%emt 0:00:07]} 34. Nxc5 {[%emt 0:00:05]} bxc5 {[%emt 0:00:01]} 35. Ke3 {[%emt 0:00:03]} h6 {[%emt 0:00:05]} 36. Rd6 {[%emt 0:00:04]} Rxa2 {[%emt 0:00:01]} 37. Rxh6 {[%emt 0:00:01]} Ra3+ {[%emt 0:00:01]} 38. Ke4 {[%emt 0:00:01]} Rh3 {[%emt 0:00:01]} 39. Kxe5 {[%emt 0:00:03]} a4 {[%emt 0:00:00]} 40. Rh8 {[%emt 0:00:01]} a3 {[%emt 0:00:01]} 41. e4 {[%emt 0:00:02]} Kb4 {[%emt 0:00:05]} 42. Kf5 {[%emt 0:00:03]} a2 {[%emt 0:00:02]} 43. Ra8 {[%emt 0:00:01]} Ra3 {[%emt 0:00:01]} 44. Rb8+ {[%emt 0:00:03]} Kc4 {[%emt 0:00:00]} 45. h6 {[%emt 0:00:02]} a1=Q {[%emt 0:00:02]} 46. h7 {[%emt 0:00:01]} Rh3 {[%emt 0:00:01]} 47. Kg6 {[%emt 0:00:04]} Qe5 {[%emt 0:00:03]} 0-1

[Event "RUS-ch Men Blitz 2019"]
[Site "Sochi"]
[Date "2019.10.20"]
[Round "5.4"]
[White "Apryshko, Gleb"]
[Black "Bocharov, Dmitry"]
[Result "1-0"]
[WhiteElo "2382"]
[BlackElo "2519"]
[Annotator "ChessBase"]
[PlyCount "68"]
[EventDate "2019.10.17"]
[EventType "swiss"]
[EventCountry "RUS"]
[SourceTitle "playchess.com"]
[Source "ChessBase"]
[SourceQuality "1"]
[TimeControl "180+2"]

1. g3 {[%emt 0:00:00]} c5 {[%emt 0:00:00]} 2. Bg2 {[%emt 0:00:00]} g6 {[%emt 0:00:02]} 3. c3 {[%emt 0:00:01]} Nf6 {[%emt 0:00:05]} 4. d4 {[%emt 0:00:02]} Bg7 {[%emt 0:00:01]} 5. Nf3 {[%emt 0:00:04]} O-O {[%emt 0:00:05]} 6. O-O {[%emt 0:00:02]} b6 {[%emt 0:00:11]} 7. Ne5 {[%emt 0:00:05]} d5 {[%emt 0:00:03]} 8. a4 {[%emt 0:00:14]} Bb7 {[%emt 0:00:06]} 9. a5 {[%emt 0:00:03]} Nfd7 {[%emt 0:00:04]} 10. f4 {[%emt 0:00:16]} Nxe5 {[%emt 0:00:18]} 11. fxe5 {[%emt 0:00:01]} bxa5 {[%emt 0:00:02]} 12. Qb3 {[%emt 0:00:13]} Qb6 {[%emt 0:00:36]} 13. Bxd5 {[%emt 0:00:40]} Bxd5 {[%emt 0:00:02]} 14. Qxd5 {[%emt 0:00:00]} cxd4 {[%emt 0:00:01]} 15. cxd4 {[%emt 0:00:02]} Nc6 {[%emt 0:00:03]} 16. e3 {[%emt 0:00:04]} e6 {[%emt 0:00:18]} 17. Qg2 {[%emt 0:00:12]} Nb4 {[%emt 0:00:07]} 18. Bd2 {[%emt 0:00:21]} Rac8 {[%emt 0:00:16]} 19. Bc3 {[%emt 0:00:10]} Nd5 {[%emt 0:00:05]} 20. Qe2 {[%emt 0:00:17]} Bh6 {[%emt 0:00:02]} 21. e4 {[%emt 0:00:07]} Nb4 {[%emt 0:00:10]} 22. Na3 {[%emt 0:00:11]} Nc6 {[%emt 0:00:01]} 23. Qf2 {[%emt 0:00:06]} Nxe5 {[%emt 0:00:06]} 24. Nc2 {[%emt 0:00:18]} Nc6 {[%emt 0:00:09]} 25. d5 {[%emt 0:00:05]} exd5 {[%emt 0:00:04]} 26. exd5 {[%emt 0:00:02]} Ne7 {[%emt 0:00:06]} 27. Bd4 {[%emt 0:00:08]} Qd6 {[%emt 0:00:14]} 28. Rxa5 {[%emt 0:00:05]} Nf5 {[%emt 0:00:10]} 29. Bxa7 {[%emt 0:00:03]} Qc7 {[%emt 0:00:05]} 30. Bc5 {[%emt 0:00:05]} Qxa5 {[%emt 0:00:03]} 31. Bxf8 {[%emt 0:00:02]} Rxf8 32. b4 Qxd5 {[%emt 0:00:04]} 33. Rb1 {[%emt 0:00:04]} Qe4 {[%emt 0:00:03]} 34. b5 {[%emt 0:00:01]} Be3 {[%emt 0:00:01]} 1-0

[Event "RUS-ch Men Blitz 2019"]
[Site "Sochi"]
[Date "2019.10.17"]
[Round "5.5"]
[White "Rublevsky, Sergei"]
[Black "Nesterov, Arseniy"]
[Result "1-0"]
[WhiteElo "2651"]
[BlackElo "2484"]
[Annotator "RC"]
[PlyCount "67"]
[EventDate "2019.10.17"]
[EventType "swiss"]
[EventCountry "RUS"]
[SourceTitle "playchess.com"]
[Source "ChessBase"]
[SourceQuality "1"]
[TimeControl "180+2"]

1. e4 {[%emt 0:00:00]} e5 {[%emt 0:00:00]} 2. Nf3 {[%emt 0:00:02]} Nc6 {[%emt 0:00:00]} 3. d4 {[%emt 0:00:01]} exd4 {[%emt 0:00:02]} 4. Nxd4 {[%emt 0:00:02]} Bc5 {[%emt 0:00:02]} 5. Be3 {[%emt 0:00:02]} Qf6 {[%emt 0:00:05]} 6. c3 {[%emt 0:00:01]} Nge7 {[%emt 0:00:05]} 7. Qd2 {[%emt 0:00:01]} Bb6 {[%emt 0:00:43]} 8. Nb5 {[%emt 0:00:07]} Ba5 {[%emt 0:00:32]} 9. N1a3 {[%emt 0:00:29]} a6 {[%emt 0:00:13]} 10. Nd4 {[%emt 0:00:01]} b5 {[%emt 0:00:43]} 11. Be2 {[%emt 0:00:20]} Nxd4 {[%emt 0:00:20]} 12. Bxd4 {[%emt 0:00:02]} Qg6 {[%emt 0:00:01]} 13. O-O {[%emt 0:00:07]} O-O {[%emt 0:00:07]} 14. Nc2 {[%emt 0:00:25]} Bb7 {[%emt 0:00:09]} 15. f3 {[%emt 0:00:11]} d6 {[%emt 0:00:11]} 16. b4 {[%emt 0:00:02]} Bb6 {[%emt 0:00:03]} 17. Bxb6 {[%emt 0:00:02]} cxb6 {[%emt 0:00:01]} 18. Ne3 {[%emt 0:00:01]} Rfd8 {[%emt 0:00:06]} 19. Qd4 {[%emt 0:00:07]} d5 {[%emt 0:00:01]} 20. e5 {[%emt 0:00:04]} Rac8 {[%emt 0:00:04]} 21. Rac1 {[%emt 0:00:08]} Rc6 {[%emt 0:00:08]} 22. f4 {[%emt 0:00:04]} Nf5 {[%emt 0:00:01]} 23. Nxf5 {[%emt 0:00:04]} Qxf5 {[%emt 0:00:01]} 24. Bd3 {[%emt 0:00:05]} Qd7 {[%emt 0:00:01]} 25. f5 {[%emt 0:00:03]} Rdc8 {[%emt 0:00:03]} 26. f6 {[%emt 0:00:03]} g6 {[%emt 0:00:04]} 27. Qf4 {[%emt 0:00:08]} Qe8 {[%emt 0:00:01]} 28. Qd4 {[%emt 0:00:08]} Re6 {[%emt 0:00:03]} 29. Rfe1 {[%emt 0:00:05]} Rec6 {[%emt 0:00:01]} 30. Re3 {[%emt 0:00:03]} Rc4 {[%emt 0:00:02]} 31. Bxc4 {[%emt 0:00:03]} Rxc4 {[%emt 0:00:01]} 32. Qd2 {[%emt 0:00:05]} Qc6 {[%emt 0:00:03]} 33. Rg3 {[%emt 0:00:12]} d4 {[%emt 0:00:01]} 34. Qh6 {[%emt 0:00:02]} 1-0